Land vs. Land #185 - Statistiken

Allgemein
  • Dieses Quiz wurde 24 mal gespielt
  • Das Durchschnittsergebnis liegt bei 9 aus 14
Antwortstatistiken
Frage Antwort % Korrekt
...Fläche? Brasilien🇧🇷
100%
...Einwohner? Brasilien🇧🇷
100%
...Lebenserwartung? Taiwan🇹🇼
95%
...Bruttoinlandsprodukt? Brasilien🇧🇷
90%
...Bruttoinlandsprodukt pro Kopf? Taiwan🇹🇼
90%
...durchschnittlicher IQ? Taiwan🇹🇼
90%
...Gesundheitswesen? Taiwan🇹🇼
85%
...HDI (Human Development Index)? Taiwan🇹🇼
75%
...Frieden? Taiwan🇹🇼
50%
...Happy Planet Index? Brasilien🇧🇷
40%
...Gewinner? Taiwan🇹🇼
35%
...Militär? Taiwan🇹🇼
25%
...Exportmengen? Taiwan🇹🇼
15%
...Tourismus? Taiwan🇹🇼
10%
Keine übereinstimmenden Quizze gefunden
Verteilung der Resultate
Anzahl Personen mit jedem Resultat
Perzentil nach korrekt beantworteten Fragen
Ihre Resultats-Entwicklung
Sie haben dieses Quiz noch nicht gespielt